000 00751nam a2200265Ia 4500
003 OSt
005 20221006150933.0
006 a|||||r|||| 00| 0
007 ta
008 221006b |||||||| |||| 00| 0 jpn d
020 _c¥10000
024 _a20,279
037 _bGift, Japan Foundation
_cTextual
040 _aEASL
_cEASL
_bjpn
041 _2jpn
_ajpn
082 _aX8(M7;3).42.N26, M0
100 _aNISHIDA Yoshiaki Ed.
_9653001
245 0 _aShowa kyokoka no noson shakai undo
260 _aTokyo
_bOcha No Mizu Shobo Japan
_c1980
300 _a875p.
_ccm.
490 _v JL
650 _aJL
942 _hX8(M7;3).42.N26, M0
_cTEXL
_2CC
999 _c1088365
_d1088365